| 000 | 00917cam a2200277 a 4500 | ||
|---|---|---|---|
| 999 |
_c529471 _d529471 |
||
| 001 | 2843577 | ||
| 003 | NUST | ||
| 005 | 20190926130545.0 | ||
| 008 | 850104s1984 dcu b 000 0 eng | ||
| 010 | _a 84052607 | ||
| 020 |
_a0309038677 (pbk.) : _c$7.20 |
||
| 038 | _aMSOHAIL | ||
| 040 |
_aDLC _cDLC _dDLC |
||
| 050 | 0 | 0 |
_aTG260 _b.S318 1984 |
| 082 | 0 | 0 |
_a624.252 _219 |
| 100 | 1 |
_aSanders, Wallace W. _q(Wallace Wolfred), _d1933- _921601 |
|
| 245 | 1 | 0 |
_aDistribution of wheel loads on highway bridges / _cWallace W. Sanders, Jr. |
| 260 |
_aWashington, D.C. : _bTransportation Research Board, National Research Council, _c[1984] |
||
| 300 |
_a22 p. ; _c28 cm. |
||
| 440 | 0 |
_aSynthesis of highway practice ; _v111 _921602 |
|
| 500 | _a"November 1984." | ||
| 504 | _aBibliography: p. 18-21. | ||
| 650 | 0 |
_aBridges _xLive loads. _921499 |
|
| 906 |
_a7 _bcbc _corignew _d2 _eocip _f19 _gy-gencatlg |
||
| 942 |
_2ddc _cBK |
||